Процессы и аппараты биотехнологии в химико-фармацевтической промышленности: учебное пособие для техникумов

Dettagli Bibliografici
Autore principale: Федосеев К. Г.
Lingua:russo
Pubblicazione: Москва, Медицина, 1963
Soggetti:
Natura: MixedMaterials Libro
KOHA link:https://koha.lib.tpu.ru/cgi-bin/koha/opac-detail.pl?biblionumber=113416

MARC

LEADER 00000nam0a2200000 4500
001 113416
005 20231101215126.0
035 |a (RuTPU)RU\TPU\book\122661 
090 |a 113416 
100 |a 20070410d1969 m y0rusy50 ca 
101 0 |a rus 
102 |a RU 
105 |a a z 001zy 
200 1 |a Процессы и аппараты биотехнологии в химико-фармацевтической промышленности  |e учебное пособие для техникумов  |f К. Г. Федосеев 
210 |a Москва  |c Медицина  |d 1963 
215 |a 200 с.  |c ил. 
320 |a Библиография в конце глав. 
606 1 |a Химико-фармацевтическое производство  |2 stltpush  |3 (RuTPU)RU\TPU\subj\68752  |9 83916 
610 1 |a биотехнологии 
610 1 |a химико-фармацевтическая промышленность 
610 1 |a химико-фармацевтические препараты 
610 1 |a процессы 
610 1 |a аппараты 
610 1 |a микробиология 
610 1 |a оборудование 
610 1 |a учебные пособия 
675 |a 661.12(075.8)  |v 3 
700 1 |a Федосеев  |b К. Г. 
801 1 |a RU  |b 63413507  |c 20070410  |g PSBO 
801 2 |a RU  |b 63413507  |c 20131017  |g PSBO 
900 |a Основы проектирования и оборудование предприятий биотехнологической промышленности 
900 |a Теоретические основы и прикладные аспекты биофармации 
942 |c BK